000
00315nam a22001217a 4500
020
_a
0-273-01476-5
082
_a
621.381 REL'A
100
_a
ARSENAULT, J.A,ROBERT, J.A
_9
74978
245
_a
RELIABILITY AND MAINTAINABILITY OF ELECTRONIC SYSTEM
260
_a
USA
_b
PITMAN
_c
1980
300
_a
XIII,584P
942
_c
BK
999
_c
580479
_d
580479